Cristo Pathia (Registro nro. 176810)

Detalles MARC
000 -LEADER
campo de control de longitud fija 00789nam a22002175i 4500
001 - NÚMERO DE CONTROL
campo de control 176810
003 - IDENTIFICADOR DE NÚMERO DE CONTROL
campo de control ES-MaACL
005 - FECHA Y HORA DE LA ÚLTIMA TRANSACCIÓN
campo de control 20230906220204.0
008 - DATOS DE LONGITUD FIJA--INFORMACIÓN GENERAL
campo de control de longitud fija 110211s1955 sp |||| | spa d
080 ## - NÚMERO DE LA CLASIFICACIÓN DECIMAL UNIVERSAL
Número de la Clasificación Decimal Universal 821.134.2-1
080 ## - NÚMERO DE LA CLASIFICACIÓN DECIMAL UNIVERSAL
Número de la Clasificación Decimal Universal 821.134.2-7.09
100 1# - ENTRADA PRINCIPAL--NOMBRE DE PERSONA
Nombre de persona Quirós, Juan de.
9 (RLIN) 145155
245 10 - MENCIÓN DEL TÍTULO
Título Cristo Pathia
Resto del título : (Toledo, 1552) /
Mención de responsabilidad, etc. Juan de Quirós ; [introducción bibliográfica por Antonio Pérez Gómez].
260 ## - PUBLICACIÓN, DISTRIBUCIÓN, ETC.
Lugar de publicación, distribución, etc. Valencia :
Nombre del editor, distribuidor, etc. La fonte que mana y corre,
Fecha de publicación, distribución, etc. 1955.
300 ## - DESCRIPCIÓN FÍSICA
Extensión 153 p. ;
Dimensiones 18 cm.
490 1# - MENCIÓN DE SERIE
Mención de serie Duque y marqués : opúsculos literarios rarísimos ;
Designación de volumen o secuencia 6
500 ## - NOTA GENERAL
Nota general Reproducción facs. de la port.
830 0# - PUNTO DE ACCESO ADICIONAL DE SERIE-TÍTULO UNIFORME
Título uniforme Duque y marqués : opúsculos literarios rarísimos ;
Designación de volumen o secuencia 6
9 (RLIN) 190262
852 ## - LOCALIZACIÓN
Ubicación ES-MaACL
Número de control de estantería E-14293
Encuadernación Olim P-292
Existencias
Estatus retirado Estado de pérdida Estado de daño No para préstamo Biblioteca de origen Biblioteca actual Ubicación en estantería Fecha de adquisición Fuente de adquisición Total de préstamos Signatura topográfica completa Código de barras Visto por última vez Precio de reemplazo Tipo de ítem Koha
        Biblioteca del Ateneo de Madrid Biblioteca del Ateneo de Madrid Depósito 2 11/02/2011     E-14293 1185702 23/02/2023 23/02/2023 Libro impreso